Physics of sedimentology : textbook and reference

Αποθηκεύτηκε σε:
Λεπτομέρειες βιβλιογραφικής εγγραφής
Κύριος συγγραφέας: Hsu, Kenneth J. (Kenneth Jinghwa) 1929-
Μορφή: Βιβλίο
Γλώσσα:English
Δημοσίευση: Berlin : Springer, c2004
Έκδοση:2nd ed.
Θέματα:
Ετικέτες: Προσθήκη ετικέτας
Δεν υπάρχουν, Καταχωρήστε ετικέτα πρώτοι!

MARC

LEADER 00000nam a2200000 i 4500
001 1/94187
008 080919s2004 eng d
020 |a 3-540-20620-5 
035 |l 10100285 
040 |a GR-MY-UA  |b gre  |e aacr 
041 0 |a eng 
082 0 |a 551.3  |2 (22) 
100 1 |a Hsu, Kenneth J. (Kenneth Jinghwa)  |d 1929- 
245 1 0 |a Physics of sedimentology :  |b textbook and reference /  |c Kenneth J. Hsu 
250 |a 2nd ed. 
260 |a Berlin :   |b Springer,   |c c2004 
300 |a xiv, 240 σ.;  |b εικ.;  |c 24 εκ. 
500 |a Αναθεωρημένω έκδοση του: Physical principles of sedimentology c1989 
504 |a Βιβλιογραφία: σ. [217]-221 
504 |a Ευρετήριο: σ. [223]-240 
650 0 0 |a Sedimentology. 
852 |a INST  |b LESVOS  |e 20080919  |h 551.3 HSU  |p 005100043128  |q 005100043128  |t BK  |y 0 
901 |a BIBL1-2008-3 
909 |a Λ  |b 145143 
922 |a 1ΕΛΗ  |b 200801  |c ΕΠΕΑΕΚ2/ΤΕΘ  |d ΕΛΕΥΘΕΡΟΥΔΑΚΗΣ 
970 |a ΚΑΡΑ  |b ΓΙΑΣΕΜΗ  |z 2008/09/19